000 00674nam a2200229 u 4500
005 20240813063846.0
008 160524s2008 r 000 0 eng d
020 _a9789870007555
035 _aUPN01000210549
049 _aI
050 4 _aTX355
_bG7.3
100 1 _aGrippo, Beatriz
_933926
245 1 0 _aFrutilandia /
_cBeatriz Grippo, Paula Prueyrredon ; Samuilov.
260 _aBuenos Aires :
_bLumen,
_c2008.
300 _a23 p. :
_bil.
650 4 _aAlimentos
_vLiteratura infantil
_921621
650 4 _aNiños
_xNutrición
_95247
650 4 _aLibros y lectura para niños
_92290
700 1 _aPueyrredon, Paula,
_ecoaut.
905 _aLibro
999 _c182650
_d182650